00402nam a2200193Ia 4500003000900000008004100009040001300050040001300063041000800076100002200084245002200106250001200128260001300140260000900153300001100162300001000173490001900183490000600202IT-RoPAU120407s9999 xx 000 0 und d aIT-RoPAU cIT-RoPAU aita aMassimo Petrocchi aRoma nel Seicento aBologna aCappelli c1970 a248 p. c24 cm aStoria di Roma v0